000 00868nam a2200277 i 4500
003 EG-GICUC
005 20260408101922.0
008 260408s1947 Fr |||fr|||| 00| 0 fre d
040 _aEG-GiCUC
_bfre
_cEG-GiCUC
_dEG-GiCUC
_eRda
082 0 4 _221
_a343.6
_bFA . P
092 0 4 _221
099 _aLaw1 10 343.6 FA . P 1947
100 1 _aFaralicq, R
_eAuteur
245 1 0 _aPrincipes Et Procédés De La Police Criminelle /
_cR. Faralicq.
264 1 _aParis :
_bLibrairie Du Recueil Sirey,
_c1947.
300 _a304 page ;
_c 24 cm.
336 _2rda contenu
_a texte
337 _2rda medias
_aOrdinateur
338 _2 transporteur rda
_a Ressource en ligne
650 1 _aCriminologie
_2qrmak
650 1 _aDroit De Panél
_2qrmak
651 1 _2qrmak
856 4 0 _uhttps://fll.law.cu.edu.eg/fulltext/bks/B10-08913.pdf
905 _a54
942 _2ddc
_cBK
_e21
_n0
999 _c69572
_d69572